| 000 | 01246nam0a2200289 4500 | ||
|---|---|---|---|
| 001 | RU\NLR\bibl\1226229 | ||
| 005 | 20260407105054.0 | ||
| 010 |
_a978-5-89575-136-7 _9200 |
||
| 021 |
_aRU _b2008-21225 _91165 |
||
| 035 | _a(NLR Aleph) 001212540 | ||
| 090 |
_a87389 _c87389 |
||
| 100 | _a20080514d2008 |||y0rusy50 ca | ||
| 101 | 0 | _arus | |
| 102 | _aRU | ||
| 105 | _aach ||||||||| | ||
| 200 | 1 |
_aНиколай Иванович Маккавеев (к 100-летию со дня рождения) _e[сборник] _fМоск. гос. ун-т им. М. В. Ломоносова, Геогр. фак. |
|
| 210 |
_aМосква _cГеографический факультет МГУ _d2008 |
||
| 215 |
_a232 с. _cил., факс., портр. _d22 |
||
| 600 | 1 |
_aМаккавеев _bН. И. _f1908 - 1983 _gНиколай Иванович _jВоспоминания, записки и т.п. _92092049 _3RU\NLR\auth\661266166 |
|
| 686 | _aД8д(2)Маккавеев | ||
| 712 | 0 | 2 |
_4570 _aМГУ им. М. В. Ломоносова _bГеографический факультет _9367859 _3RU\NLR\AUTH\889936526 |
| 801 | 0 |
_aRU _bNLR _c20080514 _gRCR |
|
| 801 | 1 |
_aRU _bNLR _c20080514 |
|
| 942 | _cBOOK | ||
| 980 | _aNB | ||